000 00311nam a2200133Ia 4500
100 _aNewby/ J.R. ed & others
942 _cRB
654 _aSource book on forming of steel
245 _aSource book on forming of steel
260 _bASM
_aOhio
_c1976
082 _a672.823
300 _a391
546 _aENGLISH
999 _c26031
_d26031